Harangot szenteltek történelmi esemény a szegedi szerb templomban /
Elmentve itt :
| Szerző: | |
|---|---|
| Dokumentumtípus: | Cikk |
| Megjelent: |
2007-02-10
|
| Sorozat: | Délmagyarország
97 No. 35 |
| Kulcsszavak: | Szeged, Egyház görögkeleti szerb templom harang felszentelés Szeged - Somogyi utca, Szent Miklós-templom (Szeged) |
| Online Access: | http://dmarchiv.bibl.u-szeged.hu/137681 |
| LEADER | 00597nab a2200157 i 4500 | ||
|---|---|---|---|
| 001 | delm137681 | ||
| 005 | 20200110094652.0 | ||
| 008 | 200110s2007 hu o 0|| hun d | ||
| 040 | |a SZTE Délmagyarország Archívum |b hun | ||
| 041 | |a hun | ||
| 100 | 1 | |a Dombai Tünde | |
| 245 | 1 | 0 | |a Harangot szenteltek |h [elektronikus dokumentum] : |b történelmi esemény a szegedi szerb templomban / |c Dombai Tünde |
| 260 | |c 2007-02-10 | ||
| 300 | |a 1, 3 | ||
| 490 | 0 | |a Délmagyarország |v 97 No. 35 | |
| 695 | |a Szeged, Egyház görögkeleti szerb templom harang felszentelés Szeged - Somogyi utca, Szent Miklós-templom (Szeged) | ||